000 01144nam a2200325 i 4500
003 EG-GICUC
005 20260415181934.0
008 260415s2002 ua |||f |||| 00| 0bara d
017 _a2002 / 8779
020 _a977043781
040 _a EG-GICUC
_bara
_c EG-GICUC
_d EG-GICUC
_erda
041 0 _aara
082 0 4 _221
_a343.251
_bم ح . ج
092 0 4 _221
099 _aLaw1 10 343.251م ح . ج 2002
100 0 _aمحمد سليمان مليجى
_eمؤلف.
245 1 0 _aجريمة الاغتصاب فى القوانين الوضعية /
_cتأليف دكتور محمد سليمان مليجى.
250 _aالطبعة الأولى
264 1 _aالقاهرة :
_bدار النهضة العربية،
_c2002.
300 _a549صفحة؛
_c24 سم.
336 _2rda content
_atext
337 _2rda media
_aComputer
338 _2rda carrier
_aOnline Resource
504 _aيشتمل على إرجاعات ببليوجرافية.
650 1 4 _aالاغتصاب
650 1 4 _aالقانون الجنائى
856 4 0 _uhttps://fll.law.cu.edu.eg/fulltext/bks/B10-09890.pdf
905 _a164
942 _2ddc
_cBK
_e21
_n0
999 _c71206
_d71206